Countries Containing I - Statistics

General Stats
  • This quiz has been taken 6,646 times
  • The average score is 97 of 119
Answer Stats
country % Correct
India
94%
United Kingdom
94%
Indonesia
93%
Ireland
93%
Italy
93%
Iceland
92%
Australia
91%
Austria
91%
Russia
91%
Brazil
90%
Finland
90%
Iran
90%
Iraq
90%
Lithuania
90%
Albania
89%
Argentina
89%
China
89%
Latvia
89%
United States
89%
Algeria
88%
Chile
88%
Dominican Republic
88%
Estonia
88%
Spain
88%
Afghanistan
87%
Bulgaria
87%
Israel
87%
Slovakia
87%
Slovenia
87%
Belgium
86%
Bosnia and Herzegovina
86%
Croatia
86%
Dominica
86%
Liechtenstein
86%
Armenia
85%
Bolivia
85%
Guinea
85%
Romania
85%
Vatican City
85%
Pakistan
84%
Serbia
84%
Vietnam
84%
Azerbaijan
83%
Colombia
83%
Ethiopia
83%
Fiji
83%
Haiti
83%
Jamaica
83%
Libya
83%
Mexico
83%
Niger
83%
Saudi Arabia
83%
Switzerland
83%
Ukraine
83%
United Arab Emirates
83%
Guinea-Bissau
82%
Nicaragua
82%
Nigeria
82%
Saint Kitts and Nevis
82%
Saint Lucia
82%
Suriname
82%
Tajikistan
82%
Thailand
82%
Turkmenistan
82%
Zambia
82%
Zimbabwe
82%
Czechia
81%
Saint Vincent and the Grenadines
81%
Sri Lanka
81%
Trinidad and Tobago
81%
Uzbekistan
81%
Antigua and Barbuda
80%
Brunei
80%
Mali
80%
Philippines
80%
San Marino
80%
Democratic Republic of the Congo
79%
Djibouti
79%
Eritrea
79%
Kiribati
79%
Mauritania
79%
Mauritius
79%
Mongolia
79%
Namibia
79%
Tunisia
79%
Belize
78%
Cambodia
78%
Equatorial Guinea
78%
Liberia
78%
Marshall Islands
78%
Singapore
78%
Somalia
78%
South Africa
78%
Syria
78%
Taiwan
78%
Tanzania
78%
Bahrain
77%
Maldives
77%
Solomon Islands
77%
Benin
76%
Central African Republic
76%
Georgia
76%
Malaysia
76%
Micronesia
76%
Burundi
75%
Gambia
75%
Kuwait
75%
Macedonia
75%
Malawi
75%
Burkina Faso
74%
Costa Rica
74%
Republic of Congo
74%
Sierra Leone
74%
Papua New Guinea
73%
Côte d'Ivoire
70%
Mozambique
70%
Timor-Leste
67%
São Tomé and Príncipe
64%
Swaziland
57%
No matching quizzes found
Score Distribution
Percent of People with Each Score
Percentile by Number Answered
Your Score History
You have not taken this quiz